Maximising stock market profit
| Main Author: | Tam, Fred K. H |
|---|---|
| Published: |
Kuala Lumpur:
Berita Pub.,
1994.
|
| Subjects: |
| LEADER | 00564cam a2200181 7i4500 | ||
|---|---|---|---|
| 001 | 0000042178 | ||
| 005 | 20120608090000.0 | ||
| 020 | |a 9679693228 (pbk.) | ||
| 090 | 0 | 0 | |a HG4529 |b .T35 1994 |
| 100 | 1 | |a Tam, Fred K. H | |
| 245 | 1 | 0 | |a Maximising stock market profit |c Fred K. H. Tam. |
| 260 | |a Kuala Lumpur: |b Berita Pub., |c 1994. | ||
| 300 | |a 282 p.: |b ill.; |c 26 cm. | ||
| 650 | 0 | 0 | |a Stock exchanges -- |z Malaysia |
| 650 | 0 | 0 | |a Rate of return |
| 650 | 0 | 0 | |a Investment analysis |
| 650 | 0 | 0 | |a Securities -- |z Malaysia |
| 999 | |a 0000021861 |b BOK |c OPEN SHELF |e 1st Floor, Shah Alam | ||


